O nevýslovnom a nevyslovenom

Bibliographic Details
Main Author: Kendra, Milan, 1979- (Author)
Format: Article
Language:Slovak
ISSN:1335-1702
Subjects:

MARC

LEADER 00000nab a2200000 a 4500
001 vtls009957019
003 SK-MaSNL
005 20260304154355.0
008 250507c2009 xo |r|p|||||||000 b|slo
015 |a SNBRB2009/10  |2 snkbucl 
035 |a (uuid)877c27a2-c1c2-4513-a045-16e869a52087 
035 |a urn:nbn:sk:snk-ab9zq2 
035 |a (urnnbn)urn:nbn:sk:snk:ar-a096jx 
038 |a SNKBUCL 
040 |a SNKBUCL  |b slo  |c SNKBUCL  |e AACR2 
041 0 |a slo 
044 |a xo  |c SK 
080 |a 82.0  |2 2001 
080 |a 82.09  |x (048)  |2 2001 
080 |a 82.033:821.162.4-1  |x (048)  |2 2001 
080 |a 821.162.4-1.033  |x (048)  |2 2001 
100 1 |a Kendra, Milan,  |d 1979-  |4 aut  |9 79219 
245 1 0 |a O nevýslovnom a nevyslovenom  |c Milan Kendra 
650 0 7 |a poézia  |2 snkbucl  |9 1274 
650 0 7 |a slovenská poézia  |2 snkbucl  |9 215422 
650 0 7 |a semiotika mlčania  |2 snkbucl  |9 1253289 
650 0 7 |a štúdie  |2 snkbucl  |9 92810 
655 7 |a recenzie  |2 snkbucl  |9 21907 
773 0 |t RAK  |g Roč. XIV, č. 5 (2009), s. 44-49  |x 1335-1702 
787 0 8 |i Rec.:  |a Chrobáková Repar, Stanislava, 1960-  |t Ohnisko reči, alebo, Mlčanlivá hĺbka horizontu  |d Bratislava : Kalligram, 2007  |z 8071499077 
850 |a Slovenská národná knižnica 
852 |a Slovenská národná knižnica 
958 |a article13 
958 |a OND 
958 |a LX 
958 |a SK 
958 |a RC 
958 |a EUIPO 
999 |c 2957345  |d 2959275